[Event "WJun Women"]
[Site "Athens GRE"]
[Date "2001.08.25"]
[Round "9"]
[White "Meenakshi,S"]
[Black "Papadopoulou,V"]
[Result "1-0"]
[WhiteElo "2245"]
[BlackElo "2193"]

1.d4 Nf6 2.Nf3 g6 3.g3 Bg7 4.Bg2 d6 5.c4 O-O 6.Nc3 Nbd7 7.O-O e5 8.e4 a6
9.Re1 exd4 10.Nxd4 Ng4 11.Qxg4 Bxd4 12.Qd1 Bg7 13.f4 Rb8 14.Be3 Nc5 15.Qc2 Be6
16.Rad1 Qc8 17.b4 Nd7 18.Nd5 Re8 19.c5 dxc5 20.bxc5 c6 21.Nc3 b5 22.e5 Bf5
23.Ne4 f6 24.Qd2 Bxe4 25.Bxe4 Rb7 26.Qg2 Rc7 27.Rd6 fxe5 28.Bxc6 exf4 29.Qd5+ Kh8
30.Bxd7 Rxd7 31.Rxd7 fxe3 32.Rxe3  1-0

[Event "Open"]
[Site "Feffernitz AUT"]
[Date "2001.08.25"]
[Round "8"]
[White "Horvath,P1"]
[Black "Krebs,J"]
[Result "1-0"]
[WhiteElo "2441"]
[BlackElo "2208"]

1.d4 Nf6 2.Nf3 g6 3.c4 Bg7 4.g3 O-O 5.Bg2 d6 6.O-O Nbd7 7.Nc3 e5 8.h3 c6
9.e4 Qb6 10.c5 dxc5 11.dxe5 Ne8 12.e6 fxe6 13.Ng5 Ne5 14.f4 Nf7 15.Nxf7 Bd4+
16.Kh2 Rxf7 17.e5 Nc7 18.Ne4 Nd5 19.h4 Bd7 20.a4 a5 21.Ra3 Qa7 22.h5 Rg7
23.hxg6 hxg6 24.Ng5 Re7 25.Be4 Kg7 26.Bxg6 Rh8+ 27.Bh5 Be8 28.g4 Qb6 29.Rh3 Bxh5
30.gxh5 Kf8 31.Qg4 Bxb2 32.Nxe6+ Ke8 33.Ng7+ Kd8 34.Nf5 Bxc1 35.Nxe7 Nxe7
36.Qd1+ Nd5 37.Qxc1 c4 38.f5 Kc8 39.f6 Qd4 40.Qg5 c3 41.f7 Rf8 42.h6 c2 43.h7 Nf4
44.Qf5+ Kc7 45.Rxf4 Qd2+ 46.Rf2 c1=Q 47.Rxd2 Qxd2+ 48.Kg3 Qe1+ 49.Kf4 Qd2+
50.Kg4 Qg2+ 51.Rg3 Qh2 52.e6 b5 53.axb5 a4 54.Qe5+  1-0

[Event "ADCF Masters"]
[Site "Abu Dhabi UAE"]
[Date "2001.08.26"]
[Round "2"]
[White "Dizdar,G"]
[Black "Sale,S"]
[Result "0-1"]
[WhiteElo "2537"]
[BlackElo "2381"]

1.d4 Nf6 2.Nf3 g6 3.c4 Bg7 4.g3 O-O 5.Bg2 d6 6.O-O Nbd7 7.Nc3 e5 8.e4 c6
9.h3 Qa5 10.Re1 exd4 11.Nxd4 Ne5 12.Bf1 Be6 13.Nxe6 fxe6 14.Be3 Rad8 15.f4 Nf7
16.Qb3 b6 17.Rad1 g5 18.c5 gxf4 19.gxf4 bxc5 20.Qxe6 Rb8 21.Bc1 Rb4 22.e5 Re8
23.Qf5 dxe5 24.fxe5 Nd5 25.Nxd5 cxd5 26.e6 Nd6 27.Qxd5 Rd4 28.Qg5 Ne4 29.Rxe4 Rxd1
30.Qh5 Qd8 31.Bg5 Rxf1+ 32.Kxf1 Qd3+ 33.Kg1 Qg3+ 34.Kf1 Rf8+ 35.Ke2 Rf2+  0-1

[Event "Ron Banwell Masters"]
[Site "London ENG"]
[Date "2001.08.26"]
[Round "9"]
[White "McNab,C"]
[Black "Sowray,P"]
[Result "1-0"]
[WhiteElo "2437"]
[BlackElo "2334"]

1.c4 g6 2.g3 Bg7 3.Bg2 d6 4.d4 Nf6 5.Nf3 O-O 6.O-O Nbd7 7.Qc2 e5 8.Rd1 Re8
9.Nc3 c6 10.d5 Nc5 11.e4 Bd7 12.Bg5 cxd5 13.Nxd5 Bc6 14.Re1 Rc8 15.Rad1 b5
16.b4 Ncd7 17.Nxf6+ Bxf6 18.Be3 bxc4 19.Bh3 Be7 20.Bxa7 Ra8 21.Be3 Ba4 22.Qxc4 Bxd1
23.Rxd1 Bf8 24.Ng5 Qe7 25.Rxd6 Rad8 26.Bxd7 Rxd7 27.Rxd7 Qxd7 28.b5 Rc8 29.Qb3 Qb7
30.Qd3 Be7 31.Nf3 Rd8 32.Qc4 Rc8 33.Qd3 Rd8 34.Qb1 Bd6 35.a4 Ra8 36.Qc2 Bc7
37.Qc4 Kg7 38.h4 Rc8 39.Qb4 Bb6 40.Bxb6 Qxb6 41.Nxe5 Rc2 42.Nd3 Ra2 43.Qc3+ Kg8
44.Qc8+ Kg7 45.Qc4 Ra3 46.Kg2 Qf6 47.Nf4 Qa1 48.Qc7 Rxa4 49.b6 Qe1 50.Qe5+ Kh6
51.Qg5+ Kg7 52.Nh5+  1-0

[Event "WJun Women"]
[Site "Athens GRE"]
[Date "2001.08.27"]
[Round "11"]
[White "Charkhalashvili,I"]
[Black "Reizniece,D"]
[Result "1-0"]
[WhiteElo "2278"]
[BlackElo "2312"]

1.d4 Nf6 2.Nf3 g6 3.c4 Bg7 4.g3 O-O 5.Bg2 d6 6.O-O Nc6 7.Nc3 a6 8.a3 Na5
9.Nd2 c5 10.d5 Ng4 11.e4 Ne5 12.Qe2 b5 13.cxb5 axb5 14.Nxb5 Ba6 15.a4 Qb6
16.Rb1 Rfb8 17.b4 Bxb5 18.axb5 Nac4 19.bxc5 Qxc5 20.Nxc4 Qxc4 21.Qxc4 Nxc4
22.Rb4 Ne5 23.Be3 Nd3 24.Rbb1 Ra4 25.b6 Nc5 26.Rb5 Bd4 27.Bxd4 Rxd4 28.e5 Kg7
29.exd6 exd6 30.h4 Kf6 31.Ra1 Ra4 32.Rab1 Rd4 33.b7 Ke7 34.Ra1 Kd7 35.Bh3+ f5
36.Ra8 Kc7 37.Bg2 Ra4 38.Rxc5+  1-0

[Event "WJun Women"]
[Site "Athens GRE"]
[Date "2001.08.28"]
[Round "12"]
[White "Xu Yuanyuan"]
[Black "Charkhalashvili,I"]
[Result "0-1"]
[WhiteElo "2431"]
[BlackElo "2278"]

1.d4 Nf6 2.c4 g6 3.g3 Bg7 4.Bg2 d6 5.Nf3 O-O 6.O-O Nc6 7.Nc3 a6 8.h3 Nd7
9.e4 e5 10.d5 Ne7 11.b4 a5 12.bxa5 Rxa5 13.a4 b6 14.Ba3 Ra8 15.Bb4 Ba6 16.Qe2 h6
17.a5 bxa5 18.Bxa5 Nc5 19.Nd2 f5 20.Bb4 Nxe4 21.Ncxe4 fxe4 22.Bxe4 Qd7 23.g4 h5
24.gxh5 Qxh3 25.hxg6 Rf4 26.f3 Qh5 27.Qg2 Rf6 28.Kf2 Qh4+ 29.Ke2 Nxg6 30.Bxg6 Bxc4+
31.Nxc4 Rxa1 32.Be4 Rxf1 33.Qxf1 Qh2+ 34.Qf2 Qh1 35.Bd2 Qa1 36.Qh4 Qa2 37.Bh7+ Kf8
38.Qg4 Bh6 39.Qc8+ Kf7 40.Qxc7+ Kf8 41.Qc8+ Kf7 42.Ne3 Bxe3 43.Kxe3 Qb3+
44.Bc3 Qb6+ 45.Ke2 Ke7 46.Qc6 Qg1 47.Qc7+ Ke8 48.Qc8+ Ke7 49.Be4 Qg2+ 50.Ke3 Qg1+
51.Kd3 Qf1+ 52.Kc2 Qe2+ 53.Bd2 Qf2 54.Qc3 Kd7 55.Qb4 Ke7 56.Kc1 Qg1+ 57.Kb2 Qf2
58.Kb1 Qg1+ 59.Ka2 Qf2 60.Qb2 Qa7+ 61.Kb1 Qg1+ 62.Bc1 Ke8 63.Qb8+ Ke7 64.Qc7+ Ke8
65.Bf5 Rxf5 66.Qc8+ Ke7 67.Qe6+ Kd8 68.Qxd6+ Kc8 69.Qe6+ Kb8 70.Qxf5 Qb6+
71.Bb2 Qg1+ 72.Kc2 Qf2+ 73.Kb1 Qg1+ 74.Ka2 Qa7+ 75.Ba3 Qf2+ 76.Kb3 Qe3+ 77.Ka4 Qa7+
78.Kb5 Qxa3 79.Qxe5+ Kb7 80.Qg7+ Kb8 81.Qg8+ Kc7 82.Qf7+ Kd8 83.Qf6+ Kd7
84.Qc6+ Kd8 85.Qf6+ Kd7 86.Qf5+ Kd8 87.Kc6 Qc3+ 88.Kd6 Qc7+  0-1

[Event "Schwarzach Open A"]
[Site "Salzburg AUT"]
[Date "2001.08.28"]
[Round "4"]
[White "Juergens,K"]
[Black "Riedel,W"]
[Result "0-1"]
[WhiteElo "2189"]
[BlackElo "2337"]

1.c4 g6 2.Nf3 Bg7 3.d4 Nf6 4.g3 O-O 5.Bg2 d6 6.O-O Nbd7 7.Nc3 e5 8.e4 c6
9.h3 a5 10.Be3 exd4 11.Nxd4 Re8 12.Qc2 Nc5 13.Rfe1 Bd7 14.f4 Nh5 15.Kh2 f5
16.Bf2 fxe4 17.Nxe4 Nxe4 18.Rxe4 Rxe4 19.Qxe4 Qf6 20.Re1 Re8 21.Qxe8+ Bxe8
22.Rxe8+ Kf7 23.Rc8 Nxf4 24.Rc7+ Ke8 25.Rxb7 Nxg2 26.Kxg2 c5 27.Nb5 Qe5 28.b3 h5
29.Rb6 Qe4+ 30.Kg1 Qb1+ 31.Kg2 Be5 32.Nxd6+ Kd7 33.Nb7 Kc7 34.Rb5 Qe4+ 35.Kg1 Bd4
36.Nxc5 Qe1+  0-1

[Event "ADCF Masters"]
[Site "Abu Dhabi UAE"]
[Date "2001.08.30"]
[Round "6"]
[White "Maherramzade,J"]
[Black "Magerramov,E"]
[Result "1/2-1/2"]
[WhiteElo "2476"]
[BlackElo "2555"]

1.d4 Nf6 2.Nf3 g6 3.c4 Bg7 4.g3 O-O 5.Bg2 d6 6.Nc3 Nbd7 7.O-O e5 8.e4 c6
9.h3 Qa5 10.Re1 exd4 11.Nxd4 Ne5 12.Bf1 Re8 13.Be3 Be6 14.Nxe6 Rxe6 15.Kg2 Rae8
16.Qd2 Ned7 17.f3 Nc5 18.Rab1 Qb4 19.Ne2 a5 20.Nf4 Qxd2+ 21.Bxd2 R6e7 22.Bxa5 Ra8
23.Bc3 Rxa2 24.Ra1 Rxa1 25.Rxa1 Ne8 26.Bxg7 Kxg7 27.b4 Nd7 28.Ne2  1/2-1/2

[Event "FSIMA September"]
[Site "Budapest HUN"]
[Date "2001.09.01"]
[Round "1"]
[White "Nemeth,Z"]
[Black "Soos,B"]
[Result "1-0"]
[WhiteElo "2328"]
[BlackElo "2302"]

1.Nf3 g6 2.d4 Bg7 3.g3 Nf6 4.Bg2 O-O 5.c4 d6 6.Nc3 Bg4 7.h3 Bxf3 8.Bxf3 Nc6
9.Be3 Nd7 10.Qd2 e5 11.Bxc6 exd4 12.Bxd4 bxc6 13.Bxg7 Kxg7 14.h4 h6 15.O-O-O Re8
16.h5 g5 17.f4 Nc5 18.Qd4+ Qf6 19.fxg5 Qxd4 20.gxh6+ Kxh6 21.Rxd4 f5 22.Rf4 Re5
23.g4 Kg5 24.Rxf5+ Rxf5 25.gxf5 Kxf5 26.Rf1+ Kg5 27.Rf7 Rc8 28.Rh7 a5 29.b3 Kf5
30.Rg7 Ne6 31.Rf7+ Kg5 32.h6 Re8 33.h7 Rh8 34.Ne4+ Kg4 35.Kd2 d5 36.cxd5 cxd5
37.Nf6+ Kg5 38.Nxd5 c6 39.Nc3 Kg6 40.Re7 Nd4 41.Kd3 Nf5 42.Rc7 Rxh7 43.Rxh7 Kxh7
44.Kc4 Ne7 45.Kc5 Kg6 46.Kb6 Kf5 47.Kxa5 Ke5 48.Kb6 Kd4 49.Nd1 Nd5+ 50.Kxc6 Nb4+
51.Kb5 Nxa2 52.b4 Nc1 53.e3+ Kd3 54.Kc6 Nb3 55.Kd5  1-0

[Event "20th NAO"]
[Site "Stillwater USA"]
[Date "2001.09.01"]
[Round "4"]
[White "Donaldson,J"]
[Black "Sulman,R"]
[Result "1-0"]
[WhiteElo "2435"]
[BlackElo "2243"]

1.Nf3 Nf6 2.c4 g6 3.d4 Bg7 4.g3 O-O 5.Bg2 d6 6.O-O c6 7.Nc3 a6 8.e4 b5 9.cxb5 axb5
10.e5 Ne8 11.Bf4 b4 12.Ne4 Be6 13.Re1 Bd5 14.Qd2 Na6 15.Bh6 f5 16.exf6 exf6
17.a3 f5 18.Bxg7 Kxg7 19.Neg5 Nac7 20.Nh3 bxa3 21.bxa3 Ne6 22.Nfg5 Nxg5 23.Nxg5 Nc7
24.Bxd5 cxd5 25.Rac1 Kg8 26.Qf4 Qd7 27.Qh4 Rfe8 28.Rxe8+ Nxe8 29.Re1 Qg7
30.Nf3 Kf8 31.Kg2 Ra7 32.Ng5  1-0

[Event "FSIMA September"]
[Site "Budapest HUN"]
[Date "2001.09.03"]
[Round "3"]
[White "Nemeth,Z"]
[Black "Resika,N"]
[Result "1-0"]
[WhiteElo "2328"]
[BlackElo "2203"]

1.Nf3 g6 2.g3 Bg7 3.d4 Nf6 4.c4 O-O 5.Bg2 d6 6.Nc3 Nc6 7.O-O Rb8 8.d5 Na5
9.Nd2 Nd7 10.Qc2 Ne5 11.b3 c6 12.Bb2 b5 13.cxb5 cxb5 14.Rac1 Bf5 15.Nce4 Rc8
16.Qb1 Qd7 17.Qa1 Rxc1 18.Rxc1 Bh6 19.f4 Ng4 20.Bd4 Bxe4 21.Nxe4 f5 22.Ng5 Bxg5
23.fxg5 f4 24.Qc3 fxg3 25.Qxg3 Qf5 26.h4 Ne5 27.Rf1 Qc8 28.Rxf8+ Qxf8 29.Bxe5 dxe5
30.Qxe5 Nb7 31.Bh3 Nd8 32.b4 h6 33.Bd7 hxg5 34.hxg5 Kh7 35.Bxb5 Nf7 36.Qf4 Kg7
37.Bd7 Qd8 38.Be6 Nd6 39.Qd4+ Kh7 40.Qh4+  1-0

[Event "3rd Open"]
[Site "Glyfada GRE"]
[Date "2001.09.03"]
[Round "4"]
[White "Shumiakina,T"]
[Black "Grivas,E"]
[Result "0-1"]
[WhiteElo "2371"]
[BlackElo "2489"]

1.d4 Nf6 2.c4 g6 3.Nf3 Bg7 4.g3 O-O 5.Bg2 d6 6.O-O Nc6 7.Nc3 Bf5 8.d5 Na5
9.Nd4 Bd7 10.Qd3 c5 11.Nc2 a6 12.b3 Qc7 13.Rb1 Rab8 14.h3 b5 15.Bd2 e6 16.dxe6 Bxe6
17.Ne3 Nc6 18.Ncd5 Nxd5 19.Nxd5 Qd7 20.g4 f5 21.g5 Kh8 22.f4 bxc4 23.bxc4 Bxd5
24.Bxd5 Nb4 25.Bxb4 cxb4 26.Bf3 a5 27.Kg2 Qc7 28.h4 h6 29.h5 gxh5 30.Rh1 d5
31.cxd5 Qxf4 32.Rxh5 Rbd8 33.Qa6 Rd6 34.Qxa5 Rg6 35.Qxb4 Rxg5+ 36.Rxg5 Qxg5+
37.Kf2 Rg8 38.Rg1 Qxg1+ 39.Kxg1 Bc3+  0-1

[Event "EYCC G16"]
[Site "Halkidiki GRE"]
[Date "2001.09.03"]
[Round "4"]
[White "Kursova,M"]
[Black "Kineva,E"]
[Result "1-0"]
[WhiteElo "2190"]
[BlackElo "2205"]

1.d4 Nf6 2.Nf3 g6 3.c4 Bg7 4.g3 O-O 5.Bg2 d6 6.Nc3 Nbd7 7.O-O e5 8.e4 exd4
9.Nxd4 Re8 10.h3 Nc5 11.Re1 a5 12.Qc2 a4 13.Be3 c6 14.Rad1 Qa5 15.Bf4 Ne6
16.Bxd6 Nxd4 17.Rxd4 Nd5 18.Rd3 Nb4 19.Bxb4 Qxb4 20.b3 axb3 21.axb3 Ra3 22.Rb1 Be6
23.Ne2 f5 24.Nf4 fxe4 25.Bxe4 Bf7 26.Rd7 Rea8 27.Kg2 Ra2 28.Qd3 Qb6 29.Ne2 Be6
30.c5 Qxc5 31.Rxb7 Rf8 32.Rf1 Qg5 33.Bxc6 Rd8 34.Qe4 Bxh3+ 35.Kxh3 Qh5+ 36.Kg2 Qxe2
37.Qf4 Rf8 38.Bd5+ Kh8 39.Rf7 Qe8 40.Re1 Qd8 41.Qc4 Rd2 42.Bc6 Qd4 43.Rxf8+ Bxf8
44.Qf7 Qg7 45.Qf3 Rd8 46.Re4 Bc5 47.Qe2 Rb8 48.Qc4 Be7 49.Bd5 Bd6 50.Qc6 Qc7
51.Qa6 Rd8 52.Rc4 Qe7 53.Qa5 Rf8 54.Re4 Qf6 55.Qd2 Qf3+ 56.Kg1 Qf5 57.Re3 Qd7
58.Be6 Qe7 59.Qd4+ Rf6 60.Rf3 Kg7 61.Rxf6 Qxf6 62.Qxd6 Qa1+ 63.Kg2 Qa8+ 64.Bd5  1-0

[Event "9th Asian Women"]
[Site "Chennai IND"]
[Date "2001.09.04"]
[Round "3"]
[White "Meenakshi,S"]
[Black "Aarthie,R"]
[Result "1/2-1/2"]
[WhiteElo "2245"]
[BlackElo "2249"]

1.d4 Nf6 2.c4 g6 3.Nf3 Bg7 4.g3 O-O 5.Bg2 d6 6.O-O Nc6 7.Nc3 a6 8.Re1 Re8
9.e4 e5 10.dxe5 Nxe5 11.Nxe5 dxe5 12.Bg5 Qxd1 13.Rexd1 h6 14.Be3 Bd7 15.f3 Rac8
16.a4 Be6 17.Bf1 a5 18.Rac1 Bf8 19.Nd5 Nd7 20.g4 Kg7 21.g5 hxg5 22.Bxg5 Bc5+
23.Be3 Bxe3+ 24.Nxe3 Nc5 25.Nd5 c6 26.Nc3 Rcd8 27.Kf2 Rh8 28.Rxd8 Rxd8 29.Ke3 g5
30.Rc2 f6 31.Rd2 Rxd2 32.Kxd2 Kg6 33.Be2 Kh5 34.Ke3 Kh4 35.Kf2 Bf7 36.Kg2 Be6
37.Kf2 Bf7 38.Kg2 Bg6 39.Bd1 g4 40.fxg4 Nxe4 41.Ne2 Nc5 42.Ng1 Be4+ 43.Kf2 Nd3+
44.Ke3 Nxb2 45.Kxe4 Nxd1 46.Kf5 Ne3+ 47.Kxf6 Kxg4 48.c5 Nc4 49.Ke6 e4 50.Ne2 Nb2
51.Ke5 Nxa4 52.Kd4 e3 53.Nc1 Kh3 54.Nd3 e2 55.Nf4+ Kxh2 56.Nxe2 Kg2 57.Nf4+ Kf3
58.Ne6 b6 59.cxb6 Nxb6 60.Kc5 a4 61.Nd4+ Ke3 62.Nxc6 a3 63.Nb4 Na8 64.Nc2+ Kd3
65.Nxa3 Nc7  1/2-1/2

[Event "III Sants Hostafrancs Open"]
[Site "Barcelona ESP"]
[Date "2001.09.05"]
[Round "5"]
[White "Arkell,K"]
[Black "Beltran Rueda,S"]
[Result "1-0"]
[WhiteElo "2431"]
[BlackElo "2353"]

1.d4 Nf6 2.Nf3 g6 3.c4 Bg7 4.g3 O-O 5.Bg2 d6 6.O-O Nc6 7.Nc3 a6 8.h3 Rb8
9.e4 b5 10.cxb5 axb5 11.e5 dxe5 12.dxe5 Nd7 13.e6 fxe6 14.Qe2 Nc5 15.Rd1 Qe8
16.Be3 Na4 17.Nxa4 bxa4 18.Nd4 Nb4 19.Bf4 Nd5 20.Be5 Bxe5 21.Qxe5 Qf7 22.Rd2 Rb6
23.Rc1 Rd6 24.Nf3 Qf6 25.Qxf6 Rxf6 26.Ng5 Rf8 27.Ne4 Rdd8 28.Rc4 Bb7 29.Rxa4 Nb6
30.Ra7 Bd5 31.b3 Bxe4 32.Rxd8 Rxd8 33.Bxe4 Rd4 34.Bf3 Nd5 35.Bxd5 exd5 36.Rxc7 Kf7
37.Kg2 Ke6 38.Kf3 Rd2 39.Ra7 Rb2 40.Ke3 Kd6 41.f4 Rg2 42.g4 Rh2 43.Kd4 Rd2+
44.Kc3 Rf2 45.Ra6+ Kc5 46.b4+ Kb5 47.Ra7 Rxf4 48.a4+ Kc6 49.Rxe7 Rf3+ 50.Kc2 Rxh3
51.Re6+ Kb7 52.a5 Rg3 53.b5 Rxg4 54.a6+ Kb8 55.Re8+ Ka7 56.Re7+ Kb8 57.b6 Re4
58.Rxh7  1-0

[Event "TCh-YUG"]
[Site "Herceg Novi YUG"]
[Date "2001.09.07"]
[Round "5"]
[White "Blagojevic,D"]
[Black "Ilic,Z1"]
[Result "1-0"]
[WhiteElo "2486"]
[BlackElo "2388"]

1.d4 Nf6 2.c4 g6 3.Nf3 Bg7 4.g3 O-O 5.Bg2 d6 6.O-O c6 7.Nc3 Qa5 8.e4 e5 9.h3 Nbd7
10.Qc2 a6 11.Be3 Re8 12.d5 cxd5 13.cxd5 b5 14.Nd2 Bb7 15.a3 Rec8 16.b4 Qc7
17.Rfc1 Nb6 18.Qb2 Qd8 19.a4 bxa4 20.Qa3 Nfd7 21.Nxa4 Nxa4 22.Qxa4 f5 23.Nc4 f4
24.Nxd6 fxe3 25.Nxb7 Rxc1+ 26.Rxc1 Qg5 27.Rc2 Nf6 28.Qc6 h5 29.Qc3 exf2+
30.Rxf2 Kh7 31.Kh1  1-0

[Event "9th Asian Women"]
[Site "Chennai IND"]
[Date "2001.09.08"]
[Round "7"]
[White "Meenakshi,S"]
[Black "Sergeeva,M"]
[Result "1/2-1/2"]
[WhiteElo "2245"]
[BlackElo "2327"]

1.d4 Nf6 2.c4 g6 3.Nf3 Bg7 4.g3 O-O 5.Bg2 d6 6.O-O Nbd7 7.Qc2 c6 8.Rd1 Re8
9.Nc3 Nb6 10.b3 d5 11.cxd5 Bf5 12.Qb2 Nbxd5 13.Nxd5 cxd5 14.Bf4 Rc8 15.Rac1 Qa5
16.Ne5 Ne4 17.g4 Be6 18.f3 Nc3 19.Rd2 Nb5 20.Be3 Rxc1+ 21.Qxc1 Rc8 22.Rc2 Rxc2
23.Qxc2 Qc3 24.Qxc3 Nxc3 25.Kf1 Nxa2 26.Bd2 Bxe5 27.dxe5 d4 28.b4 b6 29.Ke1 Nc3
30.e3 Nb5 31.Bf1 dxe3 32.Bxe3 Nc7 33.h4 Kg7 34.Bd3 Nd5 35.Bd2 Nc7 36.h5 h6
37.Kf2 Nd5 38.hxg6 fxg6 39.Kg3 g5 40.Be4 Nc7 41.f4 gxf4+ 42.Kxf4 Nb5 43.Bd3 Nd4
44.Be3 Nc6 45.Bd2 a5 46.bxa5 bxa5 47.Be4 Nb4 48.Bf5 Bxf5 49.Kxf5 Nc6 50.Ke6 a4
51.Bc3 Kg6 52.Kd7 Nb8+ 53.Kxe7 a3 54.e6 a2 55.Kd6 Na6 56.Bd4 Nb8 57.Bc3 Na6
58.Bb2 Nb8 59.Be5 Na6 60.Bc3 Nb8 61.Kc7 Na6+ 62.Kb6 Nb4 63.Kc5 Na6+ 64.Kd6 Nb8
65.Kc7 Na6+ 66.Kc6 Nb4+ 67.Kc5 Na6+ 68.Kd6 Nb8 69.Bb2 Na6 70.Bc3 Nb8 71.Be5 Na6
72.Bd4 Nb8 73.Kc7 Na6+ 74.Kd8 Nb8 75.Bb2 Nc6+ 76.Kd7 Nb8+ 77.Ke7 Nc6+ 78.Kd6 Nb8
79.Kc7 Na6+ 80.Kd6 Nb8 81.Bc3 Na6 82.Bb2 Nb8 83.Bc3 Na6 84.Kc6 Nb4+ 85.Kd6 Na6
86.Bb2 Nb8 87.Bc3 Na6 88.Ba1 Nb8 89.Kc7 Na6+ 90.Kc8 Nc5 91.e7 Kf7 92.Kd8 Ne6+
93.Kd7 Nc5+ 94.Kd8 Ne6+  1/2-1/2

[Event "5th Pablo Gorbea Mem Open"]
[Site "Madrid ESP"]
[Date "2001.09.09"]
[Round "3"]
[White "Garcia Cuenca,V"]
[Black "Candela Perez,J"]
[Result "1-0"]
[WhiteElo "2193"]
[BlackElo "2410"]

1.d4 Nf6 2.c4 g6 3.Nf3 Bg7 4.g3 O-O 5.Bg2 d6 6.O-O Nbd7 7.Nc3 e5 8.e4 exd4
9.Nxd4 Re8 10.Re1 a5 11.Ndb5 Rb8 12.h3 Nc5 13.Be3 b6 14.Bd4 Ne6 15.e5 dxe5
16.Bxe5 Bd7 17.Qc2 Bxb5 18.Nxb5 Nd7 19.Bxg7 Nxg7 20.Red1 Re7 21.Na7 Qe8 22.Nc6 Re2
23.Qc3 Rc8 24.Re1 Rxe1+ 25.Rxe1 Ne6 26.Bd5 a4 27.a3 h6 28.Nd4 Ndc5 29.Nxe6 fxe6
30.Qf6 Rd8 31.Bxe6+ Kh7 32.Bg8+ Kxg8 33.Rxe8+ Rxe8 34.Qxg6+ Kf8 35.Qxh6+ Ke7
36.Qg7+ Kd6 37.Qd4+ Ke7 38.h4 Ne6 39.Qe5 Rd8 40.f4 Rd1+ 41.Kf2 Kd7 42.f5 Nd4
43.f6 c5 44.Qe7+ Kc6 45.f7 Rd2+ 46.Kf1  1-0

[Event "TCh-CRO"]
[Site "Pula CRO"]
[Date "2001.09.10"]
[Round "1"]
[White "Dizdar,G"]
[Black "Rasic,D"]
[Result "0-1"]
[WhiteElo "2537"]
[BlackElo "2284"]

1.d4 Nf6 2.Nf3 g6 3.c4 Bg7 4.g3 O-O 5.Bg2 d6 6.O-O Nc6 7.Nc3 e5 8.dxe5 dxe5
9.Bg5 Be6 10.Qa4 h6 11.Rfd1 Qe7 12.Bxf6 Qxf6 13.Nd2 Rab8 14.e3 a6 15.Nde4 Qe7
16.Nd5 Bxd5 17.cxd5 Na7 18.d6 cxd6 19.Nxd6 Kh7 20.h4 Nc8 21.Nxc8 Rfxc8 22.Rd7 Qe8
23.Rad1 Rc7 24.h5 Rbc8 25.Qg4 f5 26.hxg6+ Qxg6 27.Qxg6+ Kxg6 28.Bxb7 Rxd7
29.Rxd7 Rc2 30.g4 Bf6 31.Bxa6 Rxb2 32.gxf5+ Kxf5 33.Bd3+ Kg4 34.Rf7 Bg5 35.a4 Ra2
36.Bb5 Bh4 37.Kg2 Bg5 38.Bd7+ Kh5 39.Be8 Kg4  0-1

[Event "TCh-POL"]
[Site "Glogow POL"]
[Date "2001.09.11"]
[Round "4"]
[White "Staniszewski,Pi"]
[Black "Szelag,M"]
[Result "1/2-1/2"]
[WhiteElo "2451"]
[BlackElo "2404"]

1.d4 Nf6 2.Nf3 g6 3.c4 Bg7 4.g3 O-O 5.Bg2 d6 6.O-O Nc6 7.Nc3 a6 8.e4 Bg4
9.Be3 Qc8 10.Re1 Re8 11.Qd3 e5 12.d5 Bxf3 13.Bxf3 Nd4 14.Bxd4 exd4 15.Ne2 Nd7
16.Nxd4 c5 17.dxc6 bxc6 18.Bg2 c5 19.Nc2 Bxb2 20.Rab1 Ne5 21.Qd5 Rb8 22.Red1 Rd8
23.h3  1/2-1/2

[Event "TCh-CRO"]
[Site "Pula CRO"]
[Date "2001.09.12"]
[Round "3"]
[White "Matijevic,H"]
[Black "Armanda,I"]
[Result "1/2-1/2"]
[WhiteElo "2244"]
[BlackElo "2337"]

1.d4 Nf6 2.c4 g6 3.Nf3 Bg7 4.g3 O-O 5.Bg2 d6 6.O-O Nc6 7.d5 Na5 8.Nfd2 c5
9.Nc3 e5 10.e4 Ng4 11.a3 b6 12.b4 Nb7  1/2-1/2

[Event "TCh-CRO"]
[Site "Pula CRO"]
[Date "2001.09.14"]
[Round "5"]
[White "Hulak,K"]
[Black "Fedorov,Alex"]
[Result "0-1"]
[WhiteElo "2566"]
[BlackElo "2599"]

1.d4 Nf6 2.c4 g6 3.g3 Bg7 4.Bg2 O-O 5.Nf3 d6 6.O-O Nc6 7.Nc3 a6 8.d5 Na5
9.Nd2 c5 10.Rb1 Bf5 11.e4 Bd7 12.Qe2 e6 13.a3 exd5 14.cxd5 Qc7 15.b3 b5 16.Nd1 Rfe8
17.Ne3 c4 18.b4 c3 19.bxa5 cxd2 20.Bxd2 Nxe4 21.Rfc1 Qa7 22.Bxe4 Rxe4 23.Bc3 Bh6
24.Qf3 f5 25.Re1 Rae8 26.Ng2 Bc8 27.Rxe4 Rxe4 28.Bb2 Qc5 29.Re1 Rxe1+ 30.Nxe1 Bb7
31.Qc3 Qxc3 32.Bxc3 Kf7 33.Nd3 Bxd5 34.f4 Ke6 35.Nb4 Bb7 36.h4 Bf8 37.Kf2 Be7
38.Ke3 Bd8 39.Na2 Bc7 40.Bb4 Bd5 41.Nc3 Bb8 42.Kd2 Ba7 43.Nd1 Bf3 44.Ne3 d5
45.Bf8 Be4 46.Nd1 d4 47.Nb2 Kd5 48.Bb4 d3 49.Nd1 Bf3 50.Nb2 Be2 51.a4 Bd4
52.Bc3 b4  0-1

[Event "Governor's Cup"]
[Site "Sioux Falls USA"]
[Date "2001.09.21"]
[Round "1"]
[White "Donaldson,J"]
[Black "Cantrell,G"]
[Result "1-0"]
[WhiteElo "2435"]
[BlackElo "2074"]

1.c4 Nf6 2.Nf3 g6 3.g3 Bg7 4.Bg2 d6 5.d4 O-O 6.O-O c6 7.Nc3 Nbd7 8.e4 e5
9.h3 Qc7 10.Be3 Re8 11.Qc2 Nf8 12.Rad1 Bd7 13.c5 d5 14.exd5 cxd5 15.Nxe5 Bc6
16.Nd3 Ne6 17.Nb4 Qa5 18.Nbxd5 Nxd5 19.Nxd5 Rad8 20.Qc3 Qxc3 21.Nxc3 Nxd4
22.Bg5 f6 23.Bf4 Nf3+ 24.Kh1 Rxd1 25.Rxd1 f5 26.Be3 Be5 27.Nd5 Bxd5 28.Rxd5 Ne1
29.Rd7 Nxg2 30.Kxg2 Rb8 31.b4 a6 32.a4 h5 33.b5 axb5 34.axb5 Kf8 35.Kf3 Ke8
36.Rh7  1-0

[Event "ECC"]
[Site "Panormo GRE"]
[Date "2001.09.24"]
[Round "2"]
[White "Filippov,V"]
[Black "Khruschiov,A"]
[Result "1-0"]
[WhiteElo "2617"]
[BlackElo "2411"]

1.Nf3 Nf6 2.c4 g6 3.d4 Bg7 4.g3 O-O 5.Bg2 d6 6.Nc3 Nbd7 7.O-O c6 8.e4 e5
9.Be3 Ng4 10.Bg5 Qc7 11.h3 exd4 12.Nxd4 Nge5 13.b3 Nc5 14.Be3 Re8 15.Qc2 a5
16.f4 Ned7 17.Bf2 Nf6 18.Rad1 Bd7 19.a3 Qb6 20.Rd2 Nh5 21.Kh2 Rad8 22.Rb1 Qc7
23.b4 axb4 24.axb4 Ne6 25.Nde2 Nf6 26.c5 dxc5 27.bxc5 Bc8 28.e5 Rxd2 29.Qxd2 Rd8
30.Qa2 Nd7 31.Ne4 Bf8 32.Rc1 Qb8 33.Nd6 b6 34.Nd4 Ndxc5 35.Nxc6 Qc7 36.Nxd8 Qxd8
37.Bxc5 bxc5 38.Nxc8 Qxc8 39.Bd5 Nd4 40.Bxf7+ Kg7 41.Bd5  1-0

[Event "ECC"]
[Site "Panormo GRE"]
[Date "2001.09.25"]
[Round "3"]
[White "Konopka,M"]
[Black "Avrukh,B"]
[Result "1/2-1/2"]
[WhiteElo "2479"]
[BlackElo "2598"]

1.d4 Nf6 2.c4 g6 3.Nf3 Bg7 4.g3 O-O 5.Bg2 d6 6.O-O Nc6 7.Nc3 a6 8.Qd3 Nd7
9.Bg5 h6 10.Be3 Rb8 11.Qd2 Kh7 12.d5 Na5 13.b3 Nf6 14.Rac1 Bd7 15.Rfd1 b6
16.h3 Qe8 17.Nd4 e5 18.dxe6 fxe6 19.Nf3 Nc6 20.Qc2 Ne7 21.Bd2 Bc6 22.e4 Nd7
23.Be3 Bxc3 24.Qxc3 e5 25.Nd2 a5 26.Qc2 Nc5 27.Nb1 Ne6 28.Nc3 Bd7 29.Qe2 Qf7
30.Qd2 g5 31.Nb5 Rb7 32.Rf1 Nf4 33.gxf4 gxf4 34.Qe2 Rbb8 35.Bd2 f3 36.Qxf3 Qxf3
37.Bxf3 Rxf3 38.Rc3 Rxc3 39.Bxc3 Bxh3 40.Rd1 Bg4 41.Rd3 Rc8 42.Rg3 Bd7 43.f4 Bxb5
44.cxb5 Ng6 45.fxe5 dxe5 46.Rd3 Rg8 47.Kh2 Rg7 48.Rf3 Re7 49.Rf5 Nh4 50.Rf2 Kg8
51.Kg3 Ng6 52.Rf5 Rg7 53.Kf2 Rf7 54.Ke3 Re7  1/2-1/2

[Event "ECC"]
[Site "Panormo GRE"]
[Date "2001.09.26"]
[Round "4"]
[White "Greenfeld,A"]
[Black "Ahn,M"]
[Result "1-0"]
[WhiteElo "2571"]
[BlackElo "2340"]

1.d4 Nf6 2.Nf3 g6 3.c4 Bg7 4.g3 O-O 5.Bg2 d6 6.O-O c6 7.Nc3 Qb6 8.c5 dxc5
9.Na4 Qd8 10.Nxc5 Nbd7 11.Nd3 Nb6 12.Bf4 Bg4 13.a4 Nfd5 14.Nfe5 Nxf4 15.gxf4 Bxe5
16.Nxe5 Qc8 17.Ra3 Nd5 18.Rg3 Be6 19.f5 f6 20.Nd3 Bf7 21.e4 Nc7 22.Nf4 Kg7
23.fxg6 hxg6 24.Bh3 Qe8 25.Nxg6 Bxg6 26.Bf5 Rh8 27.Bxg6 Qxg6 28.Rxg6+ Kxg6
29.Qb3 Rag8 30.Kh1  1-0

[Event "ECC"]
[Site "Panormo GRE"]
[Date "2001.09.27"]
[Round "5"]
[White "Horvath,Mario"]
[Black "Schmidt,M"]
[Result "1/2-1/2"]
[WhiteElo "2257"]
[BlackElo "2104"]

1.d4 Nf6 2.Nf3 g6 3.c4 Bg7 4.g3 O-O 5.Bg2 d6 6.Nc3 c6 7.O-O Qa5 8.h3 Qa6
9.Qd3 Bf5 10.e4 Nxe4 11.g4 Nxc3 12.gxf5 Nd5 13.Rd1 Nf6 14.b4 d5 15.b5 Qa4
16.cxd5 Nxd5 17.Ne5 Rd8 18.fxg6 hxg6 19.Bg5 Rd6 20.Rab1 Nd7 21.bxc6 bxc6
22.Nxc6 Qxc6 23.Bxe7 Qa6 24.Qxa6 Rxa6 25.Bxd5 Re8 26.Bb4 Rb6 27.a3 Reb8 28.Rbc1 Nf6
29.Ba2 Bf8 30.Bxf8 Kxf8 31.Rc7 R8b7 32.Rdc1 Ne8 33.Rxb7 Rxb7 34.Kg2 Rb2 35.Bd5 Rb5
36.Bc4 Ra5 37.Rc3 Nd6 38.Be2 Rd5 39.Rc7 a5 40.Ra7 Nf5 41.Bc4 Rxd4 42.Rxf7+ Ke8
43.Rc7 Nd6 44.Ba6 Kd8 45.Rc3 Rf4 46.Bd3 g5 47.Bc2 a4 48.Bd3 Ke7 49.Rc5 Rd4
50.Bf1 Kf6 51.Ba6 Rf4 52.f3 Rd4 53.Kf2 Rd2+ 54.Ke3 Rb2 55.Rc3 Rh2 56.Kd4 Rxh3
57.Kd5 Nf5 58.Kc4 Nd6+ 59.Kb4 Rh4+ 60.Ka5 Rf4 61.Be2 Ke6 62.Bd1 Nc4+ 63.Kb5 Kd5
64.Be2 Ne5 65.Rc8 Nxf3 66.Bxf3+ Rxf3 67.Rc5+ Ke6  1/2-1/2

[Event "It IM"]
[Site "Kastav CRO"]
[Date "2001.10.02"]
[Round "8"]
[White "Golubovic,B"]
[Black "Saric,A"]
[Result "1/2-1/2"]
[WhiteElo "2465"]
[BlackElo "2232"]

1.d4 Nf6 2.c4 g6 3.Nf3 Bg7 4.g3 O-O 5.Bg2 d6 6.O-O Nbd7 7.Nc3 e5 8.e4 c6
9.h3 Qa5 10.Re1 exd4 11.Nxd4 Ne5 12.Bf1 Be6 13.f4 Nxc4 14.Nxe6 fxe6 15.Kg2 d5
16.e5 Ne8 17.Bxc4 dxc4 18.Qe2 Qb4 19.a3 Qe7 20.Qxc4 Nc7 21.Be3 Qd7 22.Ne4 Nd5
23.Bc5 Rfd8 24.Rad1 Qf7 25.Bd6 Bf8 26.Re2 Bxd6 27.Nxd6 Qg7 28.h4 Rd7 29.Rd3 Rf8
30.Rf3 Qe7 31.Qe4 Qg7 32.Qb1 Qh6 33.Qh1 Re7 34.Qh3 Qg7 35.Ne4 h6 36.Ref2 Qf7
37.Nd6 Qg7 38.Qg4 Kh7 39.h5 Rg8 40.hxg6+ Qxg6 41.Qh4 Qg4 42.Qxg4 Rxg4 43.Kh3 h5
44.Rc2 Rg8 45.Rb3 Nb6 46.a4 Nxa4 47.Rxb7 Rxb7 48.Nxb7 Rb8 49.Na5 c5 50.b3 Rb5
51.bxa4 Rxa5 52.Rc4 Kh6 53.Kh4 Kg6 54.g4 hxg4 55.Kxg4 Kf7 56.Kg5 Kg7 57.f5 exf5
58.Kxf5 Kf7 59.Rh4 Ra6 60.Rh7+ Ke8 61.Rb7 Rxa4 62.Kf6 Rh4 63.e6 Rf4+ 64.Ke5 Rf1
65.Rxa7 c4  1/2-1/2